Представление документа в формате RUSMARC

ПолеНазваниеЗначение
  Тип записи a
  Библиографический уровень m
001 Контрольный номер UONB/MAIN/c267666b8632456994322e7573bc44e5
005 Дата корректировки 20250926083446.3
010 Индекс ISBN __
d Цена 61 к.
9 Тираж 2100 экз.
100 Данные общей обработки __
a Данные общей обработки 20250831d1965 u y0rusy0189## ca
101 Язык документа 0_
a Язык текста rus
102 Страна публикации __
a Страна публикации RU
105 Кодированные данные (монография) __
a Кодированные данные (монография) a z 100yy
200 Заглавие и сведения об ответственности 1_
a Заглавие Техника безопасности и оздоровление условий труда в приборостроении
e Сведения, относящиеся к заглавию по материалам научно-технической конференции
e Сведения, относящиеся к заглавию сборник статей
f Первые сведения об ответственности Государственный комитет по приборостроению, средствам автоматизации и системам управления при Госплане СССР
203 Вид содержания и тип средства __
a Вид содержания Текст
b Характеристика содержания визуальный
c Тип средства непосредственный
210 Выходные данные 1_
a Место издания Москва
c Издательство Отделение научно-технической информации по приборостроению, средствам автоматизации и системам управления
d Дата издания 1965
215 Физическое описание __
a Объем 92 с.
c Иллюстрации/тип воспроизводства ил.
d Формат 21 см
606 Тематические рубрики 0_
a Основная рубрика Приборостроение
x Основная подрубрика Гигиена труда
j Формальный подзаголовок Сборники
610 Ключевые слова 0_
a Ключевые слова приборостроение; техника безопасности; гигиена труда
675 Индекс УДК __
a Индекс УДК 6П5.81
675 Индекс УДК __
a Индекс УДК 613.391.1
686 Индексы других классификаций __
a Классификационный индекс 34
2 Код системы rubbk
712 Наименование организации (Вторичная ответственность) 02
a Организация/ юрисдикция Государственный комитет по приборостроению, средствам автоматизации и системам управления при Госплане СССР
4 Код отношения 570
801 Источник записи _0
a Страна RU
b Организация Ульяновская ОНБ
c Дата составления 20250831
g Правила каталогизации RCR
801 Источник записи _1
a Страна RU
b Организация Ульяновская ОНБ
c Дата составления 20250831
g Правила каталогизации RCR
901 Тип документа __
t Тип документа m
909 Создатель записи __
a Создатель записи Агапова
b Дата создания записи 20250831